Musical Iconography in Byzantine Manuscripts from the Greek Patriarchate in Jerusalem and the St. Catherine Monastery on Mount Sinai

Titel: Musical Iconography in Byzantine Manuscripts from the Greek Patriarchate in Jerusalem and the St. Catherine Monastery on Mount Sinai : a preliminary report / Joachim Braun
Verfasser:
Ausgabe: Sonderdr.
Veröffentlicht: Haifa : Haifa Music Museum & Amli Library, 1978
Umfang: S. 90 - 95 : Ill.
Format: Buch
Sprache: Englisch
Schlagworte:
Kein Bild verfügbar
X
Lokale Klassifikation: 1 9 H ; 1 4 J
alg: 32155940
001A    $03004:21-05-13 
001B    $01999:09-06-23 $t20:45:53.000 
001C    $03004:21-05-13 $t10:08:02.000 
001D    $03004:21-05-13 
001U    $0utf8 
001X    $00 
002@    $0Aay 
003@    $0321559401 
007A    $0321559401 $aHEB 
010@    $aeng 
011@    $a1978 
021A    $aMusical Iconography in Byzantine Manuscripts from the Greek Patriarchate in Jerusalem and the St. Catherine Monastery on Mount Sinai $da preliminary report $hJoachim Braun 
028A    $#Braun, Joachim $#Braun, Ioakhim $#Brauns, Joahims $#Braun, Joachim $#Braun, Joachim C. $7121181790 $8Braun, Yôʾāḵîm$Z1929-2013 [Tp1] $9152613889 
032@    $aSonderdr. 
033A    $pHaifa $nHaifa Music Museum & Amli Library 
034D    $aS. 90 - 95 
034M    $aIll. 
044K    $RMusik $#Ikonographie Musik $#Musikikonographie $74114653-0 $8Musikalische Ikonographie [Ts1] $9085344001 
044K    $RBestandserschließung $RBibliothekskatalog $RInventarisierung $RKatalogabteilung $RVerzeichnung $#Cataloging $#Catalogage $#Catalogazione $#Catalogación bibliográfica $#Bibliothek Katalogisierung $74163418-4 $8Katalogisierung [Ts1] $9085724904 
045F    $a780.94 $eDDC23BSB 
045F/01 $a780 
045F/03 $g4 
045G    $a709.4 $eDDC23BSB 
045G/01 $a709 
045G/03 $g4 
046R    $aSonderdr. aus: Tatzlil - a forum for Music Research ; 10.1978, 18 

lok: 32155940 24
101B    $021-05-13 $t10:08:02.000 
101C    $021-05-13 
101U    $0utf8 
145Z/01 $a1 9 H 
145Z/02 $a1 4 J 

exp: 32155940 24 1 #EPN
201B/01 $021-05-13 $t10:10:18.000 
201C/01 $021-05-13 
201U/01 $0utf8 
203@/01 $0675637864 
208@/01 $a21-05-13 $bz 
209A/01 $aMus S 1163 $du $f050 $hMus S 1163 $x00 
209C/01 $a13.03297 G $h13 03297 G 
209G/01 $a73224543 $x00 
220C/01 $asbl 
237A/01 $aMit handschriftl. Widmung des Verf.! 
247C/01 $8358050-7 Marburg, Bibliothek des Herder-Instituts Marburg $9102600961
LEADER 00000cam a22000002c 4500
001 321559401
003 DE-603
005 20230609204553.0
007 tu
008 130521s1978 xx |||| | u00||u|eng c
035 |a (DE-599)HEB321559401 
040 |a DE-603  |b ger  |c DE-603  |d DE-603 
041 |a eng 
082 0 4 |8 1\u  |a 780.94  |q DE-101  |2 23/BSB 
083 0 |8 2\u  |a 709.4  |q DE-101  |2 23/BSB 
085 |8 1\u  |b 780 
085 |8 1\u  |z 2  |s 4 
085 |8 2\u  |b 709 
085 |8 2\u  |z 2  |s 4 
100 1 |a Braun, Yôʾāḵîm  |d 1929-2013  |0 (DE-603)152613889  |0 (DE-588)121181790  |2 gnd 
245 0 0 |a Musical Iconography in Byzantine Manuscripts from the Greek Patriarchate in Jerusalem and the St. Catherine Monastery on Mount Sinai  |b a preliminary report  |c Joachim Braun 
250 |a Sonderdr. 
264 1 |a Haifa  |b Haifa Music Museum & Amli Library  |c 1978 
300 |a S. 90 - 95  |b Ill. 
500 |a Sonderdr. aus: Tatzlil - a forum for Music Research ; 10.1978, 18 
650 7 |a Musikalische Ikonographie  |0 (DE-588)4114653-0  |0 (DE-603)085344001  |2 gnd 
650 7 |a Katalogisierung  |0 (DE-588)4163418-4  |0 (DE-603)085724904  |2 gnd 
924 0 |9 Mb 50  |a (DE-603)675637864  |b DE-Mb50  |c HES  |d c  |g Mus S 1163